[Event "Junior Speed Final"]
[Site "Chess.com INT"]
[Date "2021.07.10"]
[Round "1.19"]
[White "Nihal, Sarin"]
[Black "Checa, Nicolas D"]
[Result "1-0"]
[WhiteElo "2620"]
[BlackElo "2552"]
[PlyCount "129"]
[EventDate "2021.07.01"]
[EventType "k.o. (blitz)"]
[EventRounds "4"]
[EventCountry "USA"]
[SourceTitle "CBM 203 Extra"]
[Source "ChessBase"]
[SourceDate "2021.09.30"]
[SourceVersion "1"]
[SourceVersionDate "2021.09.30"]
[SourceQuality "1"]

1. e4 e6 2. d3 d5 3. Nd2 Nf6 4. Ngf3 b6 5. exd5 exd5 6. d4 Be7 7. Bb5+ c6 8. Bd3 0-0 9. 0-0 Ba6 10. Bxa6 Nxa6 11. Re1 Re8 12. c3 Nb8 13. Ne5 Bd6 14. Ndf3 Qc7 15. Bf4 Nbd7 16. Bg3 Ne4 17. Nxd7 Qxd7 18. Qa4 f6 19. Bxd6 Nxd6 20. h3 a5 21. Qb3 Qc7 22. Nd2 b5 23. a4 Nc4 24. Qc2 Qf4 25. Nf3 Re4 26. axb5 cxb5 27. Qb3 Rb8 28. Qa2 a4 29. b3 axb3 30. Qxb3 Kh8 31. Qc2 h6 32. Qd3 Rbe8 33. g3 Qf5 34. Kg2 Qc8 35. Rab1 Qd7 36. h4 Qg4 37. Nh2 Qd7 38. Nf3 Nd6 39. Rf1 Qg4 40. Rb2 Nf5 41. Qxb5 Kh7 42. Qd3 Kh8 43. Ra2 Qg6 44. Qb5 Rd8 45. Rfa1 Nxh4+ 46. Nxh4 Rxh4 47. Re1 Re4 48. Rae2 Qg4 49. Re3 Kh7 50. Qb1 Qg6 51. Rxe4 dxe4 52. Qxe4 f5 53. Qe6 Qg4 54. Re5 Rf8 55. d5 Rf6 56. Qd7 Qd1 57. Rxf5 Rg6 58. Rf8 Qd3 59. Qf5 Qxc3 60. Qf7 Rf6 61. Qg8+ Kg6 62. Rxf6+ Kxf6 63. Qe8 Qc5 64. Qe6+ Kg5 65. f4+ 1-0

[Event "Junior Speed Final"]
[Site "Chess.com INT"]
[Date "2021.07.05"]
[Round "1.32"]
[White "Nihal, Sarin"]
[Black "Checa, Nicolas D"]
[Result "1-0"]
[WhiteElo "2620"]
[BlackElo "2552"]
[PlyCount "113"]
[EventDate "2021.07.01"]
[EventType "k.o. (blitz)"]
[EventRounds "4"]
[EventCountry "USA"]
[SourceTitle "CBM 203 Extra"]
[Source "ChessBase"]
[SourceDate "2021.09.30"]
[SourceVersion "1"]
[SourceVersionDate "2021.09.30"]
[SourceQuality "1"]

1. b3 d5 2. Bb2 Bg4 3. Nf3 Nd7 4. g3 e6 5. Bg2 Ngf6 6. h3 Bh5 7. d3 Be7 8. Nbd2 0-0 9. g4 Bg6 10. Nh4 c6 11. Nxg6 hxg6 12. e3 a5 13. a3 Qc7 14. h4 Bd6 15. g5 Nh7 16. Qg4 Be5 17. d4 Bd6 18. h5 f5 19. gxf6 Rxf6 20. hxg6 Nhf8 21. 0-0-0 Rxg6 22. Qh3 Rh6 23. Qf3 Rf6 24. Qe2 a4 25. b4 b5 26. Rdg1 Re8 27. f4 Nb6 28. Bh3 Nc4 29. Nxc4 bxc4 30. Qh5 Qf7 31. Qh4 Ng6 32. Qg5 Ne7 33. Bg4 Rd8 34. Bh5 Qf8 35. Bc3 Nf5 36. Bg6 Be7 37. Rh3 Nh6 38. Rgh1 Rf5 39. Qg2 Rf6 40. Be1 Bd6 41. Bh4 Be7 42. Bxf6 Bxf6 43. Rh5 c5 44. bxc5 Rb8 45. Be4 Kf7 46. Bxd5 exd5 47. Qxd5+ Ke7 48. Qxc4 Qc8 49. Rxh6 gxh6 50. Rxh6 Bg7 51. Rg6 Kf8 52. Qd5 Qe8 53. Re6 Qd8 54. Rd6 Qe8 55. Kd2 Rc8 56. c6 Qh5 57. Qxh5 1-0

[Event "Junior Speed Final"]
[Site "Chess.com INT"]
[Date "2021.07.05"]
[Round "1.38"]
[White "Nihal, Sarin"]
[Black "Checa, Nicolas D"]
[Result "1-0"]
[WhiteElo "2620"]
[BlackElo "2552"]
[PlyCount "89"]
[EventDate "2021.07.01"]
[EventType "k.o. (blitz)"]
[EventRounds "4"]
[EventCountry "USA"]
[SourceTitle "CBM 203 Extra"]
[Source "ChessBase"]
[SourceDate "2021.09.30"]
[SourceVersion "1"]
[SourceVersionDate "2021.09.30"]
[SourceQuality "1"]

1. Nf3 d5 2. g3 Nf6 3. Bg2 Bg4 4. 0-0 Nbd7 5. d3 e6 6. c4 c6 7. cxd5 cxd5 8. Qa4 Bxf3 9. Bxf3 Be7 10. Nc3 0-0 11. Bd2 a6 12. Rac1 Ne5 13. Bg2 Nc6 14. Rfd1 Qb6 15. Qc2 Rac8 16. Qb1 Qa7 17. e3 Rfd8 18. d4 h6 19. Na4 Nd7 20. b4 b6 21. b5 axb5 22. Qxb5 Na5 23. Nxb6 Nxb6 24. Bxa5 Rb8 25. Bxb6 Rxb6 26. Qe2 Ra6 27. Rc2 Ra8 28. Ra1 Ra3 29. h4 Bf6 30. Bf3 Qa5 31. h5 Qd8 32. Kg2 e5 33. dxe5 Bxe5 34. Rd1 R8a5 35. Rcd2 d4 36. exd4 Bd6 37. Qc4 R3a4 38. Qc6 Ra6 39. Qe4 Be7 40. Re2 Re6 41. Qc2 Rxe2 42. Qxe2 Bf6 43. d5 Be7 44. d6 Bxd6 45. Rxd6 1-0

[Event "Philadelphia int op 14th"]
[Site "Philadelphia"]
[Date "2021.06.28"]
[Round "5"]
[White "Repka, Christopher"]
[Black "Checa, Nicolas D"]
[Result "1/2-1/2"]
[WhiteElo "2496"]
[BlackElo "2574"]
[PlyCount "80"]
[EventDate "2021.06.26"]
[EventType "swiss"]
[EventRounds "9"]
[EventCountry "USA"]
[SourceTitle "CBM 203 Extra"]
[Source "ChessBase"]
[SourceDate "2021.09.30"]
[SourceVersion "1"]
[SourceVersionDate "2021.09.30"]
[SourceQuality "1"]

1. d4 d5 2. c4 c6 3. Nf3 Nf6 4. Nc3 dxc4 5. a4 e6 6. e3 c5 7. Bxc4 Nc6 8. 0-0 Be7 9. Qe2 cxd4 10. exd4 0-0 11. Rd1 Nb4 12. Ne5 Bd7 13. d5 exd5 14. Nxd5 Nfxd5 15. Bxd5 Nxd5 16. Rxd5 Bg4 17. Qc4 Qxd5 18. Qxd5 Rad8 19. Qb3 Rd1+ 20. Qxd1 Bxd1 21. Bg5 Bxg5 22. Rxd1 Rc8 23. b3 Rc3 24. f4 Bf6 25. b4 Rb3 26. b5 Rb4 27. Rc1 Kf8 28. Rc4 Rxc4 29. Nxc4 Ke7 30. Kf2 Ke6 31. Na5 a6 32. Nxb7 axb5 33. axb5 Bd4+ 34. Ke2 Bb6 35. Kd3 Kd5 36. f5 h5 37. h3 g6 38. g4 hxg4 39. hxg4 gxf5 40. gxf5 Ke5 1/2-1/2

[Event "Las Vegas National op"]
[Site "Las Vegas"]
[Date "2021.06.18"]
[Round "4"]
[White "Checa, Nicolas D"]
[Black "Homa, Seth"]
[Result "0-1"]
[WhiteElo "2574"]
[BlackElo "2287"]
[PlyCount "104"]
[EventDate "2021.06.16"]
[EventType "swiss"]
[EventRounds "9"]
[EventCountry "USA"]
[SourceTitle "CBM 203 Extra"]
[Source "ChessBase"]
[SourceDate "2021.09.30"]
[SourceVersion "1"]
[SourceVersionDate "2021.09.30"]
[SourceQuality "1"]

1. d4 Nf6 2. c4 c5 3. d5 g6 4. Nc3 Bg7 5. e4 d6 6. Nf3 0-0 7. h3 e6 8. Bd3 Nbd7 9. 0-0 e5 10. Ne2 h6 11. Be3 Nh7 12. Qd2 f5 13. Bxh6 f4 14. Bxg7 Kxg7 15. Nc3 Ndf6 16. Rfb1 g5 17. b4 b6 18. bxc5 bxc5 19. Kf1 Rf7 20. Nh2 g4 21. Nxg4 Bxg4 22. hxg4 Nxg4 23. Be2 Ne3+ 24. Ke1 Qh4 25. Bf3 Nxc4 26. Qd3 Ne3 27. Ke2 c4 28. Qd2 Ng4 29. Nd1 Ng5 30. Qc3 Rc8 31. Rb4 Nf6 32. Qc2 Nxd5 33. Rxc4 Rfc7 34. Rxc7+ Rxc7 35. Qd2 Nf6 36. Nc3 Rb7 37. Rf1 Ne6 38. g3 Qh8 39. Kd1 Nd4 40. Be2 Nxe4 41. Qd3 Nc5 42. Qd2 Ne4 43. Qd3 Nc5 44. Qd2 Na4 45. gxf4 Qh3 46. Rg1+ Kf8 47. Nb5 Nxb5 48. Bxb5 Nc3+ 49. Ke1 Nxb5 50. Qd5 Qc3+ 51. Kf1 Qc1+ 52. Kg2 Rg7+ 0-1

[Event "Dulles Cherry Blossom op"]
[Site "Dulles"]
[Date "2021.05.29"]
[Round "5"]
[White "Sarkar, Justin"]
[Black "Checa, Nicolas D"]
[Result "0-1"]
[WhiteElo "2360"]
[BlackElo "2574"]
[PlyCount "58"]
[EventDate "2021.05.27"]
[EventType "swiss"]
[EventRounds "9"]
[EventCountry "USA"]
[SourceTitle "CBM 203 Extra"]
[Source "ChessBase"]
[SourceDate "2021.09.30"]
[SourceVersion "1"]
[SourceVersionDate "2021.09.30"]
[SourceQuality "1"]

1. d4 d5 2. c4 c6 3. Nc3 Nf6 4. e3 a6 5. Nf3 Bf5 6. Bd2 e6 7. Qb3 b5 8. c5 Nbd7 9. a4 Be7 10. Be2 Ne4 11. axb5 axb5 12. Rxa8 Qxa8 13. Nxb5 Qa1+ 14. Bd1 Ndxc5 15. dxc5 Nxc5 16. Qc3 cxb5 17. Qxg7 Nd3+ 18. Ke2 Rf8 19. Qc3 Nc5 20. Ne1 b4 21. Qxb4 Qa6+ 22. Kf3 e5 23. h3 e4+ 24. Kg3 Bd6+ 25. Kh4 Be5 26. f4 exf3 27. e4 Nxe4 28. Qa4+ Qxa4 29. Bxa4+ Kd8 0-1

[Event "Titled Tuesday intern op 27th Apr"]
[Site "Chess.com INT"]
[Date "2021.04.27"]
[Round "2"]
[White "Checa, Nicolas D"]
[Black "Solovchuk, Alexey"]
[Result "0-1"]
[WhiteElo "2562"]
[BlackElo "2319"]
[PlyCount "84"]
[EventDate "2021.04.27"]
[EventType "swiss (blitz)"]
[EventRounds "11"]
[EventCountry "USA"]
[SourceTitle "CBM 202 Extra"]
[Source "ChessBase"]
[SourceDate "2021.07.31"]
[SourceVersion "1"]
[SourceVersionDate "2021.07.31"]
[SourceQuality "1"]

1. d4 Nf6 2. c4 e6 3. Nf3 b6 4. g3 Ba6 5. Nbd2 c5 6. Bg2 Bb7 7. e4 cxd4 8. 0-0 Nxe4 9. Ne5 d5 10. cxd5 exd5 11. Qa4+ Nd7 12. Bh3 Nec5 13. Qxd4 Qf6 14. Ndf3 Bd6 15. Nxd7 Qxd4 16. Nxd4 Nxd7 17. Re1+ Kd8 18. Nf5 Be5 19. Bg5+ f6 20. Nxg7 fxg5 21. Ne6+ Ke7 22. Nxg5 Kf6 23. Nf3 Bxb2 24. Rab1 Ne5 25. Nd2 Bc3 26. f4 Nc4 27. Re6+ Kf7 28. Nf3 h6 29. Rc1 Bf6 30. Rce1 Rhe8 31. Bg4 Rxe6 32. Bxe6+ Kg7 33. g4 Re8 34. g5 Bc3 35. Re2 Nd6 36. Kf2 d4 37. f5 hxg5 38. Nxg5 d3 39. Re3 Bd4 40. h4 d2 41. Ke2 Bxe3 42. Kxe3 d1Q 0-1

[Event "Bassano del Grappa Easter op-A 1st"]
[Site "Bassano del Grappa"]
[Date "2021.04.04"]
[Round "8"]
[White "Dardha, Daniel"]
[Black "Checa, Nicolas D"]
[Result "0-1"]
[WhiteElo "2516"]
[BlackElo "2562"]
[PlyCount "72"]
[EventDate "2021.04.01"]
[EventType "swiss"]
[EventRounds "9"]
[EventCountry "ITA"]
[SourceTitle "CBM 201 Extra"]
[Source "ChessBase"]
[SourceDate "2021.05.31"]
[SourceVersion "1"]
[SourceVersionDate "2021.05.31"]
[SourceQuality "1"]

1. c4 c6 2. Nf3 d5 3. e3 Nf6 4. Nc3 a6 5. d4 Bf5 6. Qb3 b5 7. cxd5 cxd5 8. a4 b4 9. Qxb4 Nc6 10. Qc5 Na5 11. Bxa6 Rxa6 12. Qb5+ Rc6 13. Ne5 Bd7 14. Nxd7 Nxd7 15. Nxd5 Rc8 16. Bd2 Nc4 17. Rc1 Nd6 18. Rxc8 Qxc8 19. Qa6 e6 20. Qxc8+ Nxc8 21. Nc7+ Kd8 22. Ba5 Bb4+ 23. Bxb4 Kxc7 24. Ke2 Na7 25. Rc1+ Nc6 26. Bc3 Ra8 27. b3 Nf6 28. f3 Nd5 29. Bd2 Kd7 30. Kd3 Rb8 31. Kc2 f5 32. Rd1 f4 33. e4 Ne3+ 34. Bxe3 fxe3 35. Kc3 Rc8 36. Re1 Ne5+ 0-1